000 00969nam a2200289 4500
001 0000012943
003 CO-CtgCURN
005 20250331183912.0
007 ta
008 160627s1994 000 0 eng d
020 _a8475836038
040 _aCO-CtgCURN
_bspa
_ccoctgcurn
082 0 _a150.2
_bC67d
100 1 _aCorbella Roig, Joan,
_d1945-
245 1 0 _aDescubrir la psicologĂ­a :
_bel adolescente y las relaciones familiares /
_cJoan Corbella Roig.
260 _aBarcelona :
_bFolio,
_c1994.
300 _aV. 17.
336 _2rdacontent
337 _2rdamedia
_asin mediacion
_bn
338 _2rdacarrier
_avolumen
_bnc
500 _aCuadernos sobre el comportamiento humano.
505 8 _aIndependencia del adolescente.--Relaciones familiares.--Amigos.--Vida social.--Grupos de adolescencia
650 1 4 _aAdolescentes.
908 _a160627
942 _cBK
_h150.2
_iC67d
_2ddc
999 _c16998
_d16998